Name Every Type of Tree - Statistics

General Stats
  • This quiz has been taken 112 times
    105 since last reset
  • The average score is 33 of 661
Answer Stats
Answer % Correct
oak
97%
pine
83%
birch
82%
apple
75%
palm
73%
che
72%
orange
68%
cherry
65%
lemon
63%
spruce
62%
maple
60%
pear
60%
redwood
60%
willow
57%
banana
55%
fir
55%
peach
55%
elm
53%
lime
52%
coconut
48%
plum
47%
mango
43%
acacia
42%
beech
42%
cedar
42%
walnut
42%
ash
38%
aspen
37%
chestnut
37%
almond
35%
fig
35%
magnolia
35%
apricot
33%
hazel
33%
Sequoia
32%
cashew
30%
olive
30%
dogwood
28%
eucalyptus
28%
mangrove
28%
sycamore
28%
baobab
27%
mahogany
27%
papaya
27%
alder
25%
grapefruit
25%
holly
25%
juniper
25%
avocado
23%
pistachio
23%
poplar
23%
cacao
22%
pomegranate
22%
Brazil nut
20%
durian
20%
gum
20%
macadamia
20%
yew
20%
lychee
18%
pecan
18%
persimmon
18%
rose
18%
bamboo
17%
cypress
17%
elder
17%
guava
17%
jack
17%
mulberry
17%
blueberry
15%
coffee
15%
jackfruit
15%
balsa
13%
crabapple
13%
ebony
13%
gingko
12%
hawthorn
12%
quince
12%
sweetgum
12%
tree
12%
bean
10%
cinnamon
10%
cottonwood
10%
hazelnut
10%
hickory
10%
horse-chestnut
10%
Joshua tree
10%
laurel
10%
lilac
10%
star fruit
10%
breadfruit
8%
Douglas-fir
8%
hibiscus
8%
plane
8%
redbud
8%
rosewood
8%
soursop
8%
tamarind
8%
blackthorn
7%
blackwood
7%
box
7%
dragon tree
7%
elderberry
7%
gooseberry
7%
hemlock
7%
kumquat
7%
larch
7%
locust
7%
mandarin
7%
mangosteen
7%
monkey-puzzle
7%
myrtle
7%
yucca
7%
banyan
5%
bay
5%
bush
5%
cassava
5%
citron
5%
clove
5%
heath
5%
ironwood
5%
jacaranda
5%
kauri
5%
medlar
5%
palmetto
5%
pawpaw
5%
privet
5%
rhododendron
5%
rowan
5%
rubber tree
5%
sandalwood
5%
sassafras
5%
tea tree
5%
tulip tree
5%
tulip-tree
5%
azalea
3%
basswood
3%
buckeye
3%
buckthorn
3%
candlenut
3%
crepe-myrtle
3%
damson
3%
honeysuckle
3%
hornbeam
3%
madrone
3%
mesquite
3%
mimosa
3%
noni
3%
paperbark
3%
piñón
3%
redcedar
3%
strawberry-tree
3%
tupelo
3%
yellowwood
3%
aloe
2%
angelica tree
2%
bird-of-paradise
2%
boab
2%
boxwood
2%
butternut
2%
catalpa
2%
cedro
2%
ceiba
2%
cherimoya
2%
chinkapin
2%
chinquapin
2%
cotoneaster
2%
cotton tree
2%
custard apple
2%
cycad
2%
filbert
2%
firethorn
2%
fire tree
2%
flame tree
2%
frangipani
2%
Guelder-rose
2%
hackberry
2%
hop-hornbeam
2%
ironbark
2%
jamun
2%
Judas-tree
2%
jujube
2%
koa
2%
kukui
2%
lancewood
2%
lehua
2%
maidenhair
2%
moosewood
2%
nightshade
2%
oleander
2%
osier
2%
palo verde
2%
pau ferro
2%
paulownia
2%
podocarp
2%
pohutukawa
2%
poison-ivy
2%
poppy
2%
possumhaw
2%
purpleheart
2%
rain tree
2%
rimu
2%
roble
2%
sapote
2%
sausage tree
2%
sea-buckthorn
2%
service tree
2%
shadbush
2%
shaddock
2%
silverberry
2%
silverleaf
2%
silverthorn
2%
silvertree
2%
soapberry
2%
sourwood
2%
spindle
2%
sugar-apple
2%
sumac
2%
sweetbay
2%
sweetsop
2%
tamarack
2%
tamarisk
2%
tanoak
2%
tobacco
2%
torreya
2%
tree of heaven
2%
wenge
2%
whitebeam
2%
witch-hazel
2%
yellow-cedar
2%
acerola
0%
ailanthus
0%
alakon
0%
Alaska-cedar
0%
algaroba
0%
alvaradoa
0%
amazakoue
0%
ambarella
0%
anise-tree
0%
aralia
0%
arazá
0%
arborvitae
0%
ashue
0%
ausubo
0%
baccharis
0%
bakau minyak
0%
balata
0%
balm of Gilead
0%
banksia
0%
bayberry
0%
baycedar
0%
bayonet
0%
beeftree
0%
beefwood
0%
bellfruit
0%
benge
0%
benzi
0%
be-still tree
0%
binjai
0%
birdcatcher tree
0%
bird-of-paradise tree
0%
bishopwood
0%
bitterbush
0%
bittersweet
0%
bitterwood
0%
blackbead
0%
blackgum
0%
blackhaw
0%
bladdernut
0%
blolly
0%
bombax
0%
bottlebrush
0%
bottle tree
0%
breadnut
0%
bubinga
0%
buckwheat tree
0%
buffalo berry
0%
bullace
0%
bullock's heart
0%
bull's heart
0%
bumelia
0%
bunya-bunya
0%
burong
0%
bustic
0%
butong
0%
butterbough
0%
button bush
0%
cabbage tree
0%
cacahuatl
0%
calabash
0%
camellia
0%
camphor tree
0%
canary wood
0%
candelabra tree
0%
cannonball tree
0%
capa prieto
0%
caper
0%
caper berry
0%
caper bud
0%
caperbush
0%
capulin
0%
carambola
0%
carob tree
0%
cashiman
0%
casuarina
0%
Cathaya
0%
cedar-of-Lebanon
0%
cedrela
0%
chaste tree
0%
chempedak
0%
chinaberry
0%
China doll tree
0%
China-fir
0%
chokeberry
0%
chokecherry
0%
Christmasberry
0%
cinnamonbark
0%
cinnamon tree
0%
cinnecord
0%
civet fruit
0%
cliftonia
0%
clusia
0%
cockspur thorn
0%
cocobolo
0%
coffeetree
0%
coigue
0%
coihue
0%
cola nut tree
0%
colubrina
0%
combretum
0%
conebush
0%
copper plant
0%
coralberry
0%
coral tree
0%
coralwood
0%
corozo
0%
cow itch tree
0%
coyán
0%
coyote
0%
crabwood
0%
cucumber tree
0%
cudrang
0%
Cunninghamia
0%
currant
0%
cypress-pine
0%
cyrilla
0%
dahoon
0%
dart-poinson tree
0%
devil's claws
0%
devilwood
0%
dewdrop
0%
dilly
0%
dollar tree
0%
dryandra
0%
elaeagnus
0%
elephant-ear tree
0%
elliottia
0%
empress tree
0%
entawak
0%
espino rubial
0%
eugenia
0%
euonymus
0%
farkleberry
0%
feverbark tree
0%
fevertree
0%
fiddlewood
0%
firebush
0%
firewheel tree
0%
fishpoison tree
0%
flamboyant
0%
floss silk tree
0%
foxglove tree
0%
Franklinia
0%
fringe flower
0%
fringe tree
0%
gallberry
0%
geebung
0%
gimlet
0%
golden-larch
0%
goldenrain tree
0%
granjeno
0%
graytwig
0%
greenheart
0%
groundsel bush
0%
guindo
0%
gumbo-limbo
0%
gumichama
0%
hackmatack
0%
Hazenoki tree
0%
Hercules' club
0%
hop tree
0%
horseradish tree
0%
horse sugar
0%
hualle
0%
huisachillo
0%
hummingbird bush
0%
hydrangea
0%
ibirapitanga
0%
imbu
0%
incense-cedar
0%
inkwood
0%
inu-biwa
0%
inumaki
0%
ipê
0%
ipoh
0%
jamblang
0%
jambul
0%
jarrah
0%
jatoba
0%
Jerusalem-thorn
0%
joewood
0%
juneberry
0%
juniper berry
0%
kahikatea
0%
kakaw
0%
kaki
0%
kalukoi
0%
kapok tree
0%
katsura
0%
keaki
0%
keteleeria
0%
kiawe
0%
kingwood
0%
klinki
0%
kohuhu
0%
kola tree
0%
koyamaki
0%
kusamaki
0%
lacquer tree
0%
lai
0%
lakoocha
0%
lapacho
0%
lead tree
0%
leadwood
0%
leatherleaf
0%
lebbeck
0%
legume
0%
lenga
0%
licaria
0%
lidflower
0%
lillypilly
0%
lily-of-the-valley tree
0%
litchi
0%
live oak
0%
loblolly bay
0%
locustberry
0%
loquat
0%
lucky nut
0%
lyonia
0%
macho
0%
madaga
0%
mahoe
0%
maidenberry
0%
maidenbush
0%
mallee
0%
mama-cadela
0%
manchineel
0%
mangroveberry
0%
manihot
0%
manioc
0%
manzanillo
0%
marang
0%
Maria tree
0%
markhamia
0%
marlberry
0%
mastic
0%
mayten
0%
medallion tree
0%
melaleuca
0%
merbatu
0%
mespilus
0%
mezereon
0%
milkbark
0%
milo
0%
mombin
0%
monkeybread tree
0%
monkeypod
0%
morado
0%
morinda
0%
moringa
0%
mountainbay
0%
mountain-laurel
0%
mousehole tree
0%
mpingo
0%
muhuhu
0%
muk
0%
musengara
0%
myoporum
0%
myrsine
0%
myrtle-of-the-river
0%
naboom
0%
nakedwood
0%
nalita
0%
name
0%
nannyberry
0%
necklace
0%
necklacepod
0%
nettle-tree
0%
ngaio
0%
ñire
0%
nyekak
0%
octopus tree
0%
oleaster
0%
orchid tree
0%
Osage-orange
0%
osmanthus
0%
ovangkol
0%
padauk
0%
pagoda bush
0%
pagoda tree
0%
palo de gusano
0%
pāpala kēpau
0%
paradise tree
0%
parapara
0%
parasol tree
0%
pau-brasil
0%
pau de Pernambuco
0%
pau rosa
0%
pea tree
0%
pedalai
0%
pepperbush
0%
peppermint
0%
photinia
0%
piedra
0%
pigeon berry
0%
pinckneya
0%
pincushion
0%
pingan
0%
pink-ball
0%
pinyon
0%
pisonia
0%
pitanga
0%
pitomba
0%
pittosporum
0%
planertree
0%
planetree
0%
poinciana
0%
poison-oak
0%
poisonwood
0%
polecat tree
0%
pommerac
0%
popinac
0%
portia tree
0%
Port Orford-cedar
0%
potato tree
0%
poui
0%
prairie banana
0%
prickly-ash
0%
primrose tree
0%
princess tree
0%
princewood
0%
protea
0%
pudau
0%
puka
0%
pukanui
0%
pumelo
0%
pyramid tree
0%
quail berry
0%
quinine tree
0%
rata
0%
red tip
0%
riberry
0%
Rose-of-Sharon
0%
saman
0%
sandankwa
0%
sanders
0%
Santa Maria tree
0%
sapodilla
0%
saskatoon
0%
satinash
0%
satinleaf
0%
satinwood
0%
screw bean
0%
screwpine
0%
sea beam
0%
seagrape
0%
senna
0%
serpent tree
0%
serviceberry
0%
shareefah
0%
shedua
0%
siala
0%
silk tree
0%
silky-oak
0%
silverbell
0%
silverling
0%
sitaphal
0%
skyflower
0%
sloe
0%
Smoketree
0%
snowbell
0%
snowmound
0%
soldierwood
0%
sparkleberry
0%
spiraea
0%
spurge
0%
spurge-laurel
0%
stewartia
0%
stinkwood
0%
stoneoak
0%
stopper
0%
storax
0%
strongbark
0%
sugarberry
0%
sugarbush
0%
sweetleaf
0%
tabebuia
0%
tabonuco
0%
Taiwania
0%
tala
0%
tallow tree
0%
tea plant
0%
tecoma
0%
terebinth
0%
tetrazygia
0%
thevetia
0%
thuja
0%
tibig
0%
tipu tree
0%
titi
0%
toadwood
0%
tobira
0%
toog tree
0%
tornillo
0%
tortilis
0%
tourist tree
0%
toyon tree
0%
traveler's tree
0%
tree cotton
0%
trema
0%
trumpet
0%
trumpet tree
0%
tuckeroo
0%
tulipwood
0%
tung tree
0%
turpentine tree
0%
twinberry
0%
umbrella-pine
0%
umbrella tree
0%
umbú
0%
upas
0%
uvalha
0%
varnish leaf
0%
velvetseed
0%
viburnum
0%
wahoo
0%
walen
0%
walkingstick
0%
waratah
0%
wattle
0%
wax tree
0%
whitehaw
0%
winterberry
0%
wollemia
0%
wort
0%
yagrumo
0%
yagrumo macho
0%
yaupon
0%
yellow bells
0%
zelkova
0%
zhe
0%
zigba
0%
No matching quizzes found
Score Distribution
Percent of People with Each Score
Percentile by Number Answered
Your Score History
You have not taken this quiz since the last reset